| 000 | 00803nam a2200253Ia 4500 | ||
|---|---|---|---|
| 003 | OSt | ||
| 005 | 20220918163429.0 | ||
| 006 | a|||||r|||| 00| 0 | ||
| 007 | ta | ||
| 008 | 220917b |||||||| |||| 00| 0 eng d | ||
| 020 |
_a0 7486 0249 6 _c4904.35 |
||
| 024 | _a258,956 | ||
| 037 |
_bOD00515143347C, 20/12/2011, W S Retail Services Pvt. Ltd. _cTextual |
||
| 040 |
_aARTS _cARTS _beng |
||
| 041 |
_2eng _aeng |
||
| 082 | _aR4,(S:7), N1 | ||
| 100 |
_aHaksar Vinit _913116 |
||
| 245 | 0 | _aIndivisible selves and moral practice | |
| 260 |
_aMaryland _bEdinburgh University Press _c1991 |
||
| 300 |
_axv,250p. _ccm. |
||
| 650 | _aPHILOSOPHY | ||
| 942 |
_hR4,(S:7), N1 _cTEXL _2CC |
||
| 999 |
_c119564 _d119564 |
||